000 00653nam a2200229Ia 4500
005 20250108125007.0
008 008 250107s9999 xx 000 0 eng d
020 _a978-93-5626-983-5
037 _aTB
040 _aCRL
_beng
_cCRL
041 _aeng
_2eng
084 _aT55wN97 Q3
084 _qCRL
100 _aSaraswati Swami Yogakanti Au.
_9730248
245 0 _aLife and death: full circle
_cSaraswati Swami Yogakanti Au.
260 _aBihar, India
_bYoga Publications
_c2928
300 _axvii,568p.
365 _aINR
_b395
650 _aMETAPHYSICSRELIGION
_9730249
942 _cTB
_hT55wN97 Q3
999 _c1235316
_d1235316